[Event "Camaguey ESPA Cup (Women)"]
[Site "Camaguey"]
[Date "2007.05.19"]
[Round "4"]
[White "Gallinat, Leyva Kenia"]
[Black "Zaldivar Pino, Olivia"]
[Result "1/2-1/2"]
[WhiteElo "2153"]
[BlackElo "1966"]
[PlyCount "102"]
[EventDate "2007.05.16"]
[EventType "tourn"]
[EventRounds "14"]
[EventCountry "CUB"]
[SourceTitle "EXT 2019"]
[Source "ChessBase"]
[SourceDate "2018.10.10"]
[SourceVersion "1"]
[SourceVersionDate "2018.10.10"]
[SourceQuality "1"]

1. d4 d5 2. Nf3 Nf6 3. Bg5 Bf5 4. e3 e6 5. Ne5 Be7 6. g4 Bg6 7. h4 h6 8. Nxg6 fxg6 9. Bf4 Nbd7 10. Nd2 c6 11. Bd3 Nf8 12. c3 Qb6 13. Rb1 0-0-0 14. Nf3 Nxg4 15. Rg1 Nf6 16. Ne5 Rg8 17. Nxg6 Nxg6 18. Bxg6 Rdf8 19. Be5 Qd8 20. b4 Bd6 21. b5 c5 22. Qa4 Kb8 23. c4 Bxe5 24. dxe5 Ne4 25. Bxe4 Qxh4 26. Qc2 dxe4 27. Rf1 Rd8 28. Rd1 Rxd1+ 29. Qxd1 Rd8 30. Qe2 Rd3 31. Rg1 g5 32. Qg4 Rxe3+ 33. Kf1 Qxg4 34. Rxg4 Ra3 35. Rxe4 Rxa2 36. Re3 a5 37. bxa6 Rxa6 38. Rh3 Ra4 39. Rxh6 Rxc4 40. Rxe6 Kc7 41. Ke2 Kd7 42. Rd6+ Ke7 43. f3 g4 44. fxg4 Rxg4 45. Rh6 b5 46. Rb6 Re4+ 47. Kd3 Rxe5 48. Rxb5 Kd6 49. Kc2 Kd5 50. Rb3 Re4 51. Rh3 Kd4 1/2-1/2